Композиторы Русского арфового общества - детям (Запись № 11575955)

Подробности
000 -МАРКЕР
контрольное поле 02009ncm0a2200385 4500
001 - ИДЕНТИФИКАТОР ЗАПИСИ
контрольное поле RU\NLR\ONIZ\216936
005 - ИДЕНТИФИКАТОР ВЕРСИИ
контрольное поле 20250626062426.0
013 ## - МЕЖДУНАРОДНЫЙ СТАНДАРТНЫЙ НОМЕР ИЗДАНИЯ МУЗЫКАЛЬНОГО ПРОИЗВЕДЕНИЯ (ISMN)
Номер (ISMN) 979-0-706423-53-1
013 ## - МЕЖДУНАРОДНЫЙ СТАНДАРТНЫЙ НОМЕР ИЗДАНИЯ МУЗЫКАЛЬНОГО ПРОИЗВЕДЕНИЯ (ISMN)
Номер (ISMN) 979-0-706423-54-8
021 ## - НОМЕР ГОСУДАРСТВЕННОЙ РЕГИСТРАЦИИ
Код страны Российская Федерация
Номер 15-310н
Номер Листа государственной регистраци 15-18н
035 ## - ДРУГИЕ СИСТЕМНЫЕ НОМЕРА
Идентификатор записи (NLR Aleph) 011414450
071 20 - ИЗДАТЕЛЬСКИЙ НОМЕР
Номер, присвоенный агентством 11893
100 ## - ДАННЫЕ ОБЩЕЙ ОБРАБОТКИ
Данные общей обработки 20170331d2015 |||y0rusy50 ca
101 0# - ЯЗЫК РЕСУРСА
Язык текста, звукозаписи и т.д. русский
102 ## - СТРАНА ПУБЛИКАЦИИ ИЛИ ПРОИЗВОДСТВА
Страна публикации Российская Федерация
125 ## - ПОЛЕ КОДИРОВАННЫХ ДАННЫХ: ЗВУКОЗАПИСИ И НОТНЫЕ ИЗДАНИЯ
Форма изложения нотного текста zx
145 0# - ПОЛЕ КОДИРОВАННЫХ ДАННЫХ: СРЕДСТВО ИСПОЛНЕНИЯ МУЗЫКАЛЬНОГО ПРОИЗВЕДЕНИЯ (УСТАРЕВШЕЕ)
Тип средства исполнения b
200 1# - ЗАГЛАВИЕ И СВЕДЕНИЯ ОБ ОТВЕТСТВЕННОСТИ
Основное заглавие Композиторы Русского арфового общества - детям
Общее обозначение материала Ноты
Сведения, относящиеся к заглавию сб. пьес для арфы
-- в 2 тетр.
Обозначение и номер части Тетр. 1
Первые сведения об ответственности под общ. ред. Н. Шамеевой, В. Кикты и др.
210 ## - ПУБЛИКАЦИЯ, РАСПРОСТРАНЕНИЕ И ДР.
Место издания, распространения и т.д. Москва
Имя издателя, распространителя и т. д. Композитор
Дата издания, распространения и т.д. 2015
215 ## - ФИЗИЧЕСКАЯ ХАРАКТЕРИСТИКА
Специфическое обозначение материала и объем 51 с.
Другие сведения о физической характеристике ил.
Размеры 30 см
313 ## - ПРИМЕЧАНИЯ, ОТНОСЯЩИЕСЯ К ТЕМАТИЧЕСКОМУ ДОСТУПУ
Текст примечания Систематизация документа проведена по изданию - Методика классифицирования музыкальных произведений (нотных изданий) по таблицам Библиотечно-библиографических классификаций : метод. рекомендации / Гос. б-ка СССР им. В.И. Ленина.- М., 1977. Индексу ББК методических рекомендаций присваивается код ББК для научных библиотек - LBC/SL
686 ## - ИНДЕКСЫ ДРУГИХ КЛАССИФИКАЦИЙ
Индекс Щ956.1-0я43(2Р)
Издание LBC/SL
Код системы
701 #1 - ИМЯ ЛИЦА - АЛЬТЕРНАТИВНАЯ ОТВЕТСТВЕННОСТЬ
Системный номер авторитетной/нормативной записи z03790
Начальный элемент ввода Шамеева
Часть имени, кроме начального элемента ввода Н. Х.
Даты 1939-
Расширение инициалов личного имени Наталья Хамидовна
Код отношения Композитор
Графика поля Кириллица
701 #1 - ИМЯ ЛИЦА - АЛЬТЕРНАТИВНАЯ ОТВЕТСТВЕННОСТЬ
Системный номер авторитетной/нормативной записи z04790
Начальный элемент ввода Кикта
Часть имени, кроме начального элемента ввода В. Г.
Даты 1941-
Расширение инициалов личного имени Валерий Григорьевич
Код отношения Композитор
790 #1 - ИМЯ ЛИЦА - АЛЬТЕРНАТИВНАЯ ФОРМА
Системный номер авторитетной/нормативной записи z03701
Начальный элемент ввода Shameeva
Часть имени, кроме начального элемента ввода N. H.
Даты 1939-
Расширение инициалов личного имени Natalya Hamidovna
Код отношения Композитор
Графика поля Латинская
790 #1 - ИМЯ ЛИЦА - АЛЬТЕРНАТИВНАЯ ФОРМА
Системный номер авторитетной/нормативной записи z04701
Начальный элемент ввода Kikta
Часть имени, кроме начального элемента ввода V.
Даты 1941-
Расширение инициалов личного имени Valerij
Код отношения Композитор
801 #0 - ИСТОЧНИК ЗАПИСИ
Страна Российская Федерация
Организация NLR
Дата составления 20170331
Правила каталогизации PSBO
801 #1 - ИСТОЧНИК ЗАПИСИ
Страна Российская Федерация
Организация NLR
Дата составления 20170331
Источник данных rusmarc
801 #2 - ИСТОЧНИК ЗАПИСИ
Страна Российская Федерация
Организация NLR
Дата составления 20190630
852 ## - МЕСТОНАХОЖДЕНИЕ И ШИФР ХРАНЕНИЯ
Идентификатор организации NLR
Наименование фонда или коллекции (Sub-Location Identifier) М
Шифр хранения (Call Number) К-3/28384(1)
Страна
Номер экземпляра 1
942 ## - ДОПОЛНИТЕЛЬНЫЕ ЭЛЕМЕНТЫ ЗАПИСИ (АБИС)
Тип экземпляра АБИС Ноты
980 ## - КОЛЛЕКЦИЯ
Название коллекции Национальная библиография
980 ## - КОЛЛЕКЦИЯ
Название коллекции Отдел нот и звукозаписей
Экземпляры
Тип экземпляра Дата поступления Библиотека постоянного хранения Библиотека текущего хранения Место хранения Шифр хранения Статус экземпляра
Ноты 31.03.2017 РНБ (Московский) РНБ (Московский) Фонд нот и звукозаписей К-3/28384(1) К-3/28384(1)